书目信息 |
| 题名: |
注册表修改设置速查1000
|
|
| 作者: | 陈伟 编著 | |
| 分册: | ||
| 出版信息: | 成都 电子科技大学出版社 2007.04 |
|
| 页数: | 26,402页 | |
| 开本: | 21cm | |
| 丛书名: | 电脑应用即时查系列丛书 | |
| 单 册: | ||
| 中图分类: | TP316.7 , TP316.86 | |
| 科图分类: | ||
| 主题词: | 窗口软件--基本知识 , 窗口软件 | |
| 电子资源: | ||
| ISBN: | 978-7-81114-432-1 | |
| 000 | 00941oam2 2200265 450 | |
| 001 | 003487567 | |
| 005 | 20070823144916.0 | |
| 010 | @a978-7-81114-432-1@dCNY19.00@z7-81114-432-8 | |
| 100 | @a20100913d2007 em y0chiy0110 ea | |
| 101 | 0 | @achi |
| 102 | @aCN@b510000 | |
| 105 | @ay z 000yy | |
| 200 | 1 | @a注册表修改设置速查1000@Azhu ce biao xiu gai she zhi su cha 1000@f陈伟编著 |
| 210 | @a成都@c电子科技大学出版社@d2007.04 | |
| 215 | @a26,402页@d21cm | |
| 225 | 2 | @a电脑应用即时查系列丛书 |
| 330 | @a本书从实际操作出发,列出了注册表基础知识、编辑方法、管理和维护,以及使用注册表修改设置电脑硬件、各种软件、操作系统、Internet、局域网络、防治病毒方面等多达1000个问题的答疑解惑。 | |
| 461 | 0 | @12001 @a电脑应用即时查系列丛书 |
| 606 | 0 | @a窗口软件@x基本知识 |
| 606 | 0 | @a窗口软件 |
| 690 | @aTP316.7@v5 | |
| 690 | @aTP316.86@v5 | |
| 701 | 0 | @a陈伟@Achen wei@c(计算机)@4编著 |
| 905 | @aBZT@dTP316.7@e43 | |
| 906 | @dCNY19.00@n0@r1 | |
| 注册表修改设置速查1000/陈伟编著.-成都:电子科技大学出版社,2007.04 |
| 26,402页;21cm.-(电脑应用即时查系列丛书) |
| ISBN 978-7-81114-432-1:CNY19.00 |
| 本书从实际操作出发,列出了注册表基础知识、编辑方法、管理和维护,以及使用注册表修改设置电脑硬件、各种软件、操作系统、Internet、局域网络、防治病毒方面等多达1000个问题的答疑解惑。 |
| ● |
| 相关链接 |
|
|
|
正题名:注册表修改设置速查1000
索取号:TP316.7/43
 
预约/预借
| 序号 | 登录号 | 条形码 | 馆藏地/架位号 | 状态 | 备注 |
| 1 | 770278 | 2000770278 | 中心书库中库/ 中库027架B面7列6层28/ [索取号:TP316.7/43] | 在馆 | |
| 2 | 770279 | 2000770279 | 中心书库中库/ 中库027架B面7列6层26/ [索取号:TP316.7/43] | 在馆 | |
| 3 | 770280 | 2000770280 | 中心书库中库/ 中库027架B面7列6层29/ [索取号:TP316.7/43] | 在馆 | |
| 4 | 770281 | 2000770281 | 中心书库中库/ 中库027架B面7列3层46/ [索取号:TP316.7/43] | 在馆 | |
| 5 | 770282 | 2000770282 | 中心书库中库/ 中库027架B面7列6层22/ [索取号:TP316.7/43] | 在馆 | |
| 6 | 770283 | 2000770283 | 中心书库中库/ 中库027架B面7列6层27/ [索取号:TP316.7/43] | 在馆 | |
| 7 | 770284 | 2000770284 | 中心书库中库/ 中库027架B面7列6层25/ [索取号:TP316.7/43] | 在馆 | |
| 8 | 770285 | 2000770285 | 中心书库中库/ 中库027架B面7列6层23/ [索取号:TP316.7/43] | 在馆 | |
| 9 | 770286 | 2000770286 | 中心书库中库/ 中库027架B面7列6层30/ [索取号:TP316.7/43] | 在馆 | |
| 10 | 770287 | 2000770287 | 中心书库中库/ 中库027架B面7列6层24/ [索取号:TP316.7/43] | 在馆 |